[Event "Shanghai COITCT 2019"]
[Site "Shanghai"]
[Date "2019.09.17"]
[Round "8.12"]
[White "Kulkarni Bhakti"]
[Black "Waqar, Ahmad Madni"]
[Result "1-0"]
[WhiteElo "2429"]
[BlackElo "1979"]
[Annotator "NA"]
[PlyCount "135"]
[EventDate "2019.09.15"]
[EventType "team-tourn"]
[EventCountry "CHN"]
[SourceTitle "playchess.com"]
[Source "ChessBase"]
[SourceQuality "1"]
[TimeControl "1500+10"]

1. d4 {[%emt 0:00:00]} Nf6 {[%emt 0:00:00]} 2. Nf3 {[%emt 0:00:04]} e6 {[%emt 0:00:00]} 3. e3 {[%emt 0:00:55]} b6 {[%emt 0:00:00]} 4. Bd3 {[%emt 0:00:02]} Bb7 {[%emt 0:00:00]} 5. O-O {[%emt 0:00:03]} Be7 {[%emt 0:00:00]} 6. c4 {[%emt 0:00:03]} d5 {[%emt 0:00:04]} 7. Nc3 {[%emt 0:00:05]} O-O {[%emt 0:00:03]} 8. Qc2 {[%emt 0:00:19]} h6 {[%emt 0:00:17]} 9. b3 {[%emt 0:00:05]} Nbd7 {[%emt 0:00:04]} 10. Bb2 {[%emt 0:00:02]} Rc8 {[%emt 0:00:13]} 11. e4 {[%emt 0:00:21]} dxe4 {[%emt 0:00:16]} 12. Nxe4 {[%emt 0:00:03]} Nxe4 {[%emt 0:00:30]} 13. Bxe4 {[%emt 0:00:02]} Bxe4 {[%emt 0:00:02]} 14. Qxe4 {[%emt 0:00:02]} Nf6 {[%emt 0:00:01]} 15. Qe2 {[%emt 0:00:13]} c5 {[%emt 0:00:07]} 16. Rfd1 {[%emt 0:00:13]} cxd4 {[%emt 0:00:12]} 17. Nxd4 {[%emt 0:00:13]} Qc7 {[%emt 0:01:01]} 18. Nb5 {[%emt 0:00:23]} Qb7 {[%emt 0:00:45]} 19. Nd6 {[%emt 0:00:13]} Bxd6 {[%emt 0:00:05]} 20. Rxd6 {[%emt 0:00:02]} Rfd8 {[%emt 0:01:47] Nd6 Bxd6 Rxd6 Rfd8} 21. Rad1 {[%emt 0:00:18]} Rxd6 {[%emt 0:00:08]} 22. Rxd6 {[%emt 0:00:02]} Qe4 {[%emt 0:01:40]} 23. Qd1 {[%emt 0:02:47]} Rc5 {[%emt 0:01:38]} 24. Bd4 {[%emt 0:01:16]} Ra5 {[%emt 0:00:35]} 25. a4 {[%emt 0:01:37]} Rg5 {[%emt 0:02:05]} 26. f3 {[%emt 0:00:14]} Qg6 {[%emt 0:00:58]} 27. Rd8+ {[%emt 0:01:01]} Kh7 {[%emt 0:00:28]} 28. Qf1 {[%emt 0:00:47]} Qc2 {[%emt 0:00:59]} 29. Bxf6 {[%emt 0:00:20]} gxf6 {[%emt 0:00:08]} 30. Qd3+ {[%emt 0:00:11]} Qxd3 {[%emt 0:00:06]} 31. Rxd3 {[%emt 0:00:02]} Kg6 {[%emt 0:03:21]} 32. b4 {[%emt 0:01:10]} a5 {[%emt 0:01:08]} 33. Rd6 {[%emt 0:00:12]} axb4 {[%emt 0:01:06]} 34. Rxb6 {[%emt 0:00:02]} Ra5 {[%emt 0:00:02]} 35. Rxb4 {[%emt 0:00:03]} f5 {[%emt 0:00:42]} 36. f4 {[%emt 0:00:12]} Kf6 {[%emt 0:00:08]} 37. Kf2 {[%emt 0:00:03]} Ke7 {[%emt 0:00:04]} 38. Ke3 {[%emt 0:00:07]} Kd6 {[%emt 0:00:03]} 39. Kd4 {[%emt 0:00:03]} f6 {[%emt 0:00:08]} 40. Kc3 {[%emt 0:01:05]} e5 {[%emt 0:00:08]} 41. Rb6+ {[%emt 0:00:14]} Kc5 {[%emt 0:00:42]} 42. Rb5+ {[%emt 0:00:36]} Rxb5 {[%emt 0:00:03]} 43. axb5 {[%emt 0:00:16]} e4 {[%emt 0:00:05]} 44. g3 {[%emt 0:00:09]} h5 {[%emt 0:00:13]} 45. Kb3 {[%emt 0:00:43]} Kb6 {[%emt 0:03:38]} 46. Kb4 {[%emt 0:00:03]} Kb7 {[%emt 0:00:03]} 47. c5 {[%emt 0:00:05]} Kc7 {[%emt 0:00:04]} 48. Kc4 {[%emt 0:00:14]} Kb7 {[%emt 0:00:13]} 49. c6+ {[%emt 0:02:13]} Kc8 {[%emt 0:02:12]} 50. b6 {[%emt 0:00:11]} Kb8 {[%emt 0:00:43]} 51. c7+ {[%emt 0:01:40]} Kc8 {[%emt 0:00:16]} 52. Kd4 {[%emt 0:01:45]} Kd7 {[%emt 0:00:51]} 53. Kc3 {[%emt 0:00:58]} Kc8 {[%emt 0:00:13]} 54. Kb3 {[%emt 0:00:10]} Kd7 {[%emt 0:00:20]} 55. Kb4 {[%emt 0:00:31]} Kc8 {[%emt 0:00:05]} 56. Kc5 {[%emt 0:00:27]} Kd7 {[%emt 0:00:04]} 57. Kb5 {[%emt 0:00:24]} e3 {[%emt 0:00:24]} 58. Ka6 {[%emt 0:00:03]} e2 {[%emt 0:00:11]} 59. Kb7 {[%emt 0:00:10]} e1=Q {[%emt 0:00:27]} 60. c8=Q+ {[%emt 0:00:02]} Ke7 {[%emt 0:01:26]} 61. Qxf5 {[%emt 0:00:21]} Qh1+ {[%emt 0:00:55]} 62. Kc7 {[%emt 0:00:09]} Qc1+ {[%emt 0:00:23]} 63. Kb8 {[%emt 0:00:06]} Qd1 {[%emt 0:00:09]} 64. Qc5+ {[%emt 0:00:19]} Kd7 {[%emt 0:00:17]} 65. b7 {[%emt 0:00:18]} Ke8 {[%emt 0:00:39]} 66. Kc7 {[%emt 0:01:12]} Qd7+ {[%emt 0:00:10]} 67. Kb6 {[%emt 0:00:03]} Qd8+ {[%emt 0:00:02]} 68. Ka7 {[%emt 0:00:18]} 1-0

[Event "Shanghai COITCT 2019"]
[Site "Shanghai"]
[Date "2019.09.17"]
[Round "8.13"]
[White "Nigmatov, Ortik"]
[Black "Xu, Yinglun"]
[Result "0-1"]
[WhiteElo "2482"]
[BlackElo "2565"]
[Annotator "ChessBase"]
[PlyCount "53"]
[EventDate "2019.09.15"]
[EventType "team-tourn"]
[EventCountry "CHN"]
[SourceTitle "playchess.com"]
[Source "ChessBase"]
[SourceQuality "1"]
[TimeControl "1500+10"]

1. e4 {[%emt 0:00:00]} e6 {[%emt 0:00:00]} 2. d4 {[%emt 0:00:00]} d5 {[%emt 0:00:00]} 3. Nc3 {[%emt 0:00:01]} Nf6 {[%emt 0:00:00]} 4. e5 {[%emt 0:00:01]} Nfd7 {[%emt 0:00:00]} 5. Nce2 {[%emt 0:00:01]} c5 {[%emt 0:00:00]} 6. c3 {[%emt 0:00:01]} cxd4 {[%emt 0:00:04]} 7. cxd4 {[%emt 0:00:02]} f6 {[%emt 0:00:01]} 8. exf6 {[%emt 0:00:15]} Nxf6 {[%emt 0:00:02]} 9. Nf3 {[%emt 0:00:16]} Nc6 {[%emt 0:00:02]} 10. Nc3 {[%emt 0:00:26]} Bd6 {[%emt 0:00:03]} 11. Bb5 {[%emt 0:00:09]} Bd7 {[%emt 0:00:15]} 12. O-O {[%emt 0:00:09]} O-O {[%emt 0:00:02]} 13. Re1 {[%emt 0:00:02]} Qc7 {[%emt 0:01:29]} 14. Bg5 {[%emt 0:00:16]} Rae8 {[%emt 0:00:18]} 15. Bh4 {[%emt 0:00:32]} a6 {[%emt 0:01:29]} 16. Bd3 {[%emt 0:00:16]} Kh8 {[%emt 0:00:46]} 17. Rc1 {[%emt 0:01:12]} Bf4 {[%emt 0:00:05]} 18. Bg3 {[%emt 0:01:08]} Nh5 {[%emt 0:03:02]} 19. Bxf4 {[%emt 0:01:20]} Qxf4 {[%emt 0:00:48]} 20. Re3 {[%emt 0:01:44]} Nxd4 {[%emt 0:02:05]} 21. Ne2 {[%emt 0:03:13]} Nxf3+ {[%emt 0:01:13]} 22. Rxf3 {[%emt 0:00:01]} Qg5 {[%emt 0:01:05]} 23. Rxf8+ {[%emt 0:01:17]} Rxf8 {[%emt 0:00:01]} 24. Rc7 {[%emt 0:00:42]} Bc6 {[%emt 0:00:13]} 25. Nd4 {[%emt 0:00:12]} Nf4 {[%emt 0:00:56]} 26. Qf3 {[%emt 0:00:01]} Qe5 {[%emt 0:00:55]} 27. Qd1 {[%emt 0:00:19]} 0-1

[Event "Shanghai COITCT 2019"]
[Site "Shanghai"]
[Date "2019.09.17"]
[Round "8.14"]
[White "Bai, Jinshi"]
[Black "Kurbonboeva, Sarvinoz"]
[Result "1-0"]
[WhiteElo "2591"]
[BlackElo "2262"]
[Annotator "ChessBase"]
[PlyCount "111"]
[EventDate "2019.09.15"]
[EventType "team-tourn"]
[EventCountry "CHN"]
[SourceTitle "playchess.com"]
[Source "ChessBase"]
[SourceQuality "1"]
[TimeControl "1500+10"]

1. Nf3 {[%emt 0:00:00]} d5 {[%emt 0:00:00]} 2. d4 {[%emt 0:00:05]} Nf6 {[%emt 0:00:09]} 3. c4 {[%emt 0:00:03]} c6 {[%emt 0:00:03]} 4. Nc3 {[%emt 0:00:07]} e6 {[%emt 0:00:09]} 5. Bg5 {[%emt 0:00:06]} Be7 {[%emt 0:00:59]} 6. e3 {[%emt 0:00:05]} Nbd7 {[%emt 0:00:15]} 7. Qc2 {[%emt 0:01:18]} O-O {[%emt 0:00:08]} 8. Rd1 {[%emt 0:00:02]} b6 {[%emt 0:02:13]} 9. Be2 {[%emt 0:01:02]} Bb7 {[%emt 0:00:06]} 10. O-O {[%emt 0:00:04]} Rc8 {[%emt 0:00:28]} 11. Qb1 {[%emt 0:00:30]} c5 {[%emt 0:00:17]} 12. dxc5 {[%emt 0:01:04]} Nxc5 {[%emt 0:00:03]} 13. Ne5 {[%emt 0:03:00]} Nfe4 {[%emt 0:03:02]} 14. Nxe4 {[%emt 0:01:57]} Nxe4 {[%emt 0:00:03]} 15. Bf4 {[%emt 0:00:21]} Qe8 {[%emt 0:02:04]} 16. cxd5 {[%emt 0:02:03]} Bxd5 {[%emt 0:00:16]} 17. f3 {[%emt 0:00:21]} Nf6 {[%emt 0:00:56]} 18. e4 {[%emt 0:00:02]} Bc5+ {[%emt 0:00:12]} 19. Kh1 {[%emt 0:00:02]} Bb7 {[%emt 0:00:02]} 20. Nc4 {[%emt 0:00:23]} Qe7 {[%emt 0:00:38]} 21. b4 {[%emt 0:02:30]} Nh5 {[%emt 0:01:05]} 22. Be5 {[%emt 0:01:24]} Bxb4 {[%emt 0:00:28]} 23. Nd6 {[%emt 0:00:04]} Bxd6 {[%emt 0:00:06]} 24. Bxd6 {[%emt 0:00:04]} Qh4 {[%emt 0:00:10]} 25. g3 {[%emt 0:00:22]} Qg5 {[%emt 0:01:57]} 26. Bxf8 {[%emt 0:00:15]} Nxg3+ {[%emt 0:00:02]} 27. hxg3 {[%emt 0:00:07]} Qxg3 {[%emt 0:00:40]} 28. Bd6 {[%emt 0:01:11]} e5 {[%emt 0:00:00]} 29. Bxe5 {[%emt 0:00:59]} Qxe5 {[%emt 0:00:00]} 30. Qb5 {[%emt 0:00:03]} Qg3 {[%emt 0:00:01]} 31. Qh5 {[%emt 0:00:35]} g6 {[%emt 0:00:14]} 32. Qg4 {[%emt 0:00:20]} Qe5 {[%emt 0:00:17]} 33. Rf2 {[%emt 0:01:22]} Rc5 {[%emt 0:00:31]} 34. Rh2 {[%emt 0:00:13]} h5 {[%emt 0:00:14]} 35. Qh4 {[%emt 0:00:02]} Rc2 {[%emt 0:00:18]} 36. Qd8+ {[%emt 0:00:22]} Kh7 {[%emt 0:00:19]} 37. Qd6 {[%emt 0:00:43]} Qb2 {[%emt 0:00:42]} 38. Qd7 {[%emt 0:00:50]} Kg7 {[%emt 0:00:07]} 39. Qd4+ {[%emt 0:01:06]} Qxd4 {[%emt 0:00:04]} 40. Rxd4 {[%emt 0:00:01]} Rxa2 {[%emt 0:00:02]} 41. Rd7 {[%emt 0:00:02]} Ra1+ {[%emt 0:00:14]} 42. Kg2 {[%emt 0:00:01]} Bc8 {[%emt 0:00:05]} 43. Rc7 {[%emt 0:00:08]} Be6 {[%emt 0:00:08]} 44. Rh1 {[%emt 0:00:11]} Ra2 {[%emt 0:00:04]} 45. Kf2 {[%emt 0:00:02]} b5 {[%emt 0:00:10]} 46. Ke3 {[%emt 0:00:26]} b4 {[%emt 0:00:16]} 47. Rhc1 {[%emt 0:00:54]} b3 {[%emt 0:02:10]} 48. Bc4 {[%emt 0:00:37]} Bxc4 {[%emt 0:00:11]} 49. R1xc4 {[%emt 0:00:17]} a5 {[%emt 0:00:02]} 50. Rb7 {[%emt 0:00:18]} a4 {[%emt 0:00:34]} 51. e5 {[%emt 0:00:06]} b2 {[%emt 0:00:26]} 52. Kf4 {[%emt 0:01:50]} a3 {[%emt 0:00:18]} 53. e6 {[%emt 0:00:15]} Ra1 {[%emt 0:00:03]} 54. e7 {[%emt 0:00:43]} Re1 {[%emt 0:00:49]} 55. Re4 {[%emt 0:00:02]} g5+ {[%emt 0:00:41]} 56. Kf5 {[%emt 0:00:17]} 1-0

[Event "Shanghai COITCT 2019"]
[Site "Shanghai"]
[Date "2019.09.17"]
[Round "8.15"]
[White "Baymuratova, Sevara"]
[Black "Wen, Yang"]
[Result "0-1"]
[WhiteElo "2126"]
[BlackElo "2586"]
[Annotator "ChessBase"]
[PlyCount "102"]
[EventDate "2019.09.15"]
[EventType "team-tourn"]
[EventCountry "CHN"]
[SourceTitle "playchess.com"]
[Source "ChessBase"]
[SourceQuality "1"]
[TimeControl "1500+10"]

1. d4 {[%emt 0:00:00]} d6 {[%emt 0:00:00]} 2. Nf3 {[%emt 0:00:00]} g6 {[%emt 0:00:00]} 3. c4 {[%emt 0:00:06]} Bg7 {[%emt 0:00:00]} 4. g3 {[%emt 0:00:11]} e5 {[%emt 0:00:18]} 5. Nc3 {[%emt 0:00:04]} Nd7 {[%emt 0:00:06]} 6. Bg2 {[%emt 0:00:08]} Ne7 {[%emt 0:00:12]} 7. O-O {[%emt 0:00:12]} O-O {[%emt 0:00:02]} 8. e4 {[%emt 0:01:45]} exd4 {[%emt 0:00:20]} 9. Nxd4 {[%emt 0:00:02]} Nc6 {[%emt 0:00:02]} 10. Nde2 {[%emt 0:02:02]} a5 {[%emt 0:01:17]} 11. Be3 {[%emt 0:00:29]} Nde5 {[%emt 0:00:47]} 12. b3 {[%emt 0:00:23]} a4 {[%emt 0:00:02]} 13. h3 {[%emt 0:02:09]} axb3 {[%emt 0:00:45]} 14. axb3 {[%emt 0:00:02]} Rxa1 {[%emt 0:00:03]} 15. Qxa1 {[%emt 0:00:03]} f5 {[%emt 0:00:02]} 16. f4 {[%emt 0:00:41]} Nd3 {[%emt 0:00:48]} 17. Qd1 {[%emt 0:00:27]} Ncb4 {[%emt 0:00:53]} 18. Bd4 {[%emt 0:01:03]} Bxd4+ {[%emt 0:01:21]} 19. Nxd4 {[%emt 0:00:02]} c6 {[%emt 0:00:06]} 20. Kh2 {[%emt 0:00:46]} Qf6 {[%emt 0:00:02]} 21. Nde2 {[%emt 0:00:40]} Nc5 {[%emt 0:00:03]} 22. Qd2 {[%emt 0:00:50]} Re8 {[%emt 0:00:02]} 23. Rd1 {[%emt 0:00:53]} Nbd3 {[%emt 0:01:27]} 24. b4 {[%emt 0:02:19]} Nxb4 {[%emt 0:00:17]} 25. Qxd6 {[%emt 0:00:09]} Qxd6 {[%emt 0:00:08]} 26. Rxd6 {[%emt 0:00:01]} fxe4 {[%emt 0:00:03]} 27. g4 {[%emt 0:00:36]} e3 {[%emt 0:00:43]} 28. Nd4 {[%emt 0:01:02]} Kf7 {[%emt 0:01:01]} 29. g5 {[%emt 0:02:04]} Ke7 {[%emt 0:00:10]} 30. Rf6 {[%emt 0:00:10]} Rd8 {[%emt 0:00:03]} 31. Nce2 {[%emt 0:00:23]} Ne6 {[%emt 0:00:21]} 32. Nf3 {[%emt 0:00:26]} Ng7 {[%emt 0:00:03]} 33. Ne5 {[%emt 0:00:26]} Be6 {[%emt 0:00:03]} 34. Bf3 {[%emt 0:01:29]} Ne8 {[%emt 0:00:32]} 35. Nxg6+ {[%emt 0:03:10]} hxg6 {[%emt 0:00:03]} 36. Rxg6 {[%emt 0:00:02]} Rd2 {[%emt 0:00:14]} 37. Kg3 {[%emt 0:01:05]} Nd6 {[%emt 0:00:08]} 38. Rg7+ {[%emt 0:03:03]} Kf8 {[%emt 0:00:03]} 39. Rh7 {[%emt 0:00:03]} Bg8 {[%emt 0:00:23]} 40. Rc7 {[%emt 0:00:16]} Na6 {[%emt 0:00:09]} 41. Rd7 {[%emt 0:01:34]} Nf5+ {[%emt 0:00:04]} 42. Kg4 {[%emt 0:00:01]} Nh6+ {[%emt 0:00:09]} 43. gxh6 {[%emt 0:00:30]} Rxd7 {[%emt 0:00:03]} 44. f5 {[%emt 0:00:14]} Bxc4 {[%emt 0:01:07]} 45. Nf4 {[%emt 0:00:06]} Rd4 {[%emt 0:00:46]} 46. Kg5 {[%emt 0:00:19]} Rxf4 {[%emt 0:00:06]} 47. Kxf4 {[%emt 0:00:07]} e2 {[%emt 0:00:09]} 48. Bxe2 {[%emt 0:00:16]} Bxe2 {[%emt 0:00:02]} 49. Ke5 {[%emt 0:00:02]} Kg8 {[%emt 0:00:13]} 50. Ke6 {[%emt 0:00:09]} Bc4+ {[%emt 0:00:05]} 51. Ke7 {[%emt 0:00:01]} b5 {[%emt 0:00:06]} 0-1

[Event "Shanghai COITCT 2019"]
[Site "Shanghai"]
[Date "2019.09.18"]
[Round "9.1"]
[White "Xu, Yinglun"]
[Black "Karimov, Alisher"]
[Result "1-0"]
[WhiteElo "2565"]
[BlackElo "2251"]
[Annotator "TA"]
[PlyCount "71"]
[EventDate "2019.09.15"]
[EventType "team-tourn"]
[EventCountry "CHN"]
[SourceTitle "playchess.com"]
[Source "ChessBase"]
[SourceQuality "1"]

{[%evp 19,71,-4,7,2,62,53,105,104,109,104,127,63,97,103,156,142,185,185,233,234,236,184,225,230,368,385,383,375,435,435,435,417,431,431,510,515,637,634,581,581,614,599,549,374,370,367,373,351,770,764,755,741,778,728]} 1. Nf3 Nf6 2. c4 c6 3. d4 d5 4. e3 e6 5. Bd3 Nbd7 6. O-O Bd6 7. Nc3 O-O 8. e4 dxc4 9. Bxc4 e5 10. h3 b5 11. Bb3 {D46: Semi-Slav: 5 e3 Nbd7 6 Bd3, Black avoids the Meran} b4 (11... Qc7 $11) 12. Na4 $1 $14 Bb7 $146 (12... Qc7 $14) ({Predecessor:} 12... Qc7 13. dxe5 Nxe5 14. Nxe5 Bxe5 15. f4 Rd8 16. Qf3 Bd4+ 17. Be3 c5 18. Rac1 Nxe4 19. Bxd4 Rxd4 20. Nxc5 Bb7 21. Qe3 Nxc5 22. Qxd4 Qc6 23. Qf2 {1-0 (23) Hansen,C (2605)-Pedersen,S (2420) Torshavn 1997}) 13. Re1 $16 {White is better.} h6 14. Qc2 Qa5 15. Be3 ({White should play} 15. dxe5 $16 Nxe5 16. Nxe5 Bxe5 17. Nc5) 15... c5 16. d5 Rac8 ({Black should try} 16... Ba6) 17. Nd2 Ba6 {[#]} 18. Bc4 $1 Nb6 {[#]} 19. Nxb6 $1 Qxb6 20. b3 {[%cal Bb2b3,Bb3c4][%mdl 32]} Nd7 21. a3 Bb8 (21... Bb5 {was necessary.} 22. Bxb5 Qxb5) 22. axb4 $18 Bxc4 23. bxc4 ({Not} 23. Qxc4 Qxb4 24. Qd3 Qb7 $18) 23... Qd6 24. bxc5 Nxc5 25. Nb3 Nxb3 26. Qxb3 f5 27. c5 Rxc5 28. Bxc5 Qxc5 29. d6+ Kh7 30. d7 fxe4 31. Qe3 Qxe3 32. Rxe3 ({Weaker is} 32. fxe3 Rd8 $18) 32... Rd8 33. Rd1 {aiming for Rc3.} Bc7 $2 (33... Kg6 34. Rxe4 Kf7) 34. Rc3 {White is clearly winning.} Bb6 35. Rc8 Kg8 36. Rd6 {Accuracy: White = 73%, Black = 24%.} 1-0

[Event "Shanghai COITCT 2019"]
[Site "Shanghai"]
[Date "2019.09.18"]
[Round "9.2"]
[White "Kabilov, Amin"]
[Black "Bai, Jinshi"]
[Result "1/2-1/2"]
[WhiteElo "2199"]
[BlackElo "2591"]
[Annotator "TA"]
[PlyCount "124"]
[EventDate "2019.09.15"]
[EventType "team-tourn"]
[EventCountry "CHN"]
[SourceTitle "playchess.com"]
[Source "ChessBase"]
[SourceQuality "1"]

{[%evp 21,124,0,0,0,0,-10,-11,-14,-13,-27,-1,-5,11,9,3,8,20,0,0,-14,0,-103,-88,-101,-99,-122,-129,-122,-119,-114,-117,-131,-36,-40,-39,-106,-77,-114,-124,-124,-91,-145,-127,-256,-251,-407,-247,-256,-236,-231,-231,-335,-314,-463,-462,-488,-234,-216,-216,-211,-211,-279,-262,-250,-120,-108,-53,-69,-33,-61,0,0,0,0,0,0,0,0,0,0,0,0,8,0,0,0,8,0,0,0,0,0,0,0,0,0,0,0,0,0,0,0,0,0,0]} 1. d4 Nf6 2. c4 g6 3. Nc3 d5 4. cxd5 Nxd5 5. e4 Nxc3 6. bxc3 Bg7 7. Be3 c5 8. Nf3 Bg4 9. Rc1 O-O 10. Be2 Qa5 11. Qd2 Nd7 12. d5 {D85: Exchange Grünfeld: Unusual White 7th moves and lines with 7 Nf3} c4 13. O-O (13. Bd4 Bxd4 14. cxd4 Qxd2+ 15. Kxd2 b5 16. Rb1 a6 17. h3 Bxf3 18. gxf3 {½-½ (62) Werle,J (2528)-Heimann,A (2601) Germany 2018}) 13... Nc5 14. Bxc5 Qxc5 15. Nd4 Bxe2 $146 ({Predecessor:} 15... Bd7 16. Rfd1 b5 17. h4 e5 18. dxe6 fxe6 19. Bg4 Rae8 {½-½ (31) Engwall,C (2263)-Johansson,B (2305) ICCF email 2010}) 16. Qxe2 Rac8 17. Rfd1 Rfd8 18. Rb1 Rd7 19. Qg4 Rcd8 20. h4 Qa3 21. Nb5 (21. Qh3 $11) 21... Qxa2 $17 22. Ra1 Qb2 23. Rdb1 Qc2 $1 24. Rc1 Qd3 $1 {Hoping for ...a6.} 25. Rd1 f5 $1 {[%cal Rf5g4]} 26. exf5 gxf5 ({Better is} 26... Qxf5 $17 27. Qxc4 a6) 27. Qg5 $15 Qe4 28. Rd4 (28. Nd4 $15 Kh8 29. Ne6 {[%mdl 64] Double Attack} Bxc3 30. Qh5) 28... h6 29. Qg6 Qe5 30. Nxa7 Rxd5 31. Rxd5 (31. Nb5 $142) 31... Qxd5 $17 32. Re1 {[#]} (32. Rb1 $17) 32... Kf8 $1 $19 33. Re3 $2 (33. Qb6) 33... Qd1+ 34. Kh2 {[#] aiming for Rg3.} Qd6+ $1 35. Qxd6 Rxd6 {[%mdl 4096] Endgame KRB-KRN} 36. Nc8 (36. Nb5 $142 Rd5 37. Na3) 36... Rd3 37. Re2 (37. Nb6 {was the only chance.}) 37... Bf6 38. Rb2 Rd8 (38... Rxc3 $142 {White must now prevent ...Rh3+!} 39. Rb4 Bd4) 39. Nb6 Bxc3 40. Rb5 Rd4 41. Rxf5+ Kg7 42. Rc5 Rxh4+ (42... Be1 $19 {has better winning chances. Strongly threatening ...c3.} 43. Rxc4 Rxc4 44. Nxc4 b5) 43. Kg3 $17 Bf6 (43... Bb4 $17 44. Rc8 (44. Rb5 $2 c3 $19) 44... Rh5 45. Rxc4 Bc5) 44. Nxc4 $15 Re4 45. Ne3 Kg6 (45... Re5 $15 46. Rc8 h5) 46. Rb5 $11 {The position is equal.} Bg5 47. Kf3 Rf4+ 48. Ke2 Rf7 49. Rb6+ Kg7 50. Rxb7 Bxe3 51. Kxe3 {KR-KR} Kg6 52. f3 h5 53. Kf2 Rg7 54. Rb6+ Kf5 55. Rb5+ e5 56. Rb6 Ra7 57. Kg3 Ra4 58. Rb8 Rd4 59. Rh8 Kg5 60. Rg8+ Kf5 61. Rh8 Kg5 62. Rg8+ Kf5 {Accuracy: White = 35%, Black = 54%.} 1/2-1/2

[Event "Shanghai COITCT 2019"]
[Site "Shanghai"]
[Date "2019.09.18"]
[Round "9.3"]
[White "Wen, Yang"]
[Black "Antonova, Nadezhda"]
[Result "1-0"]
[WhiteElo "2586"]
[BlackElo "1930"]
[Annotator "RC"]
[PlyCount "35"]
[EventDate "2019.09.15"]
[EventType "team-tourn"]
[EventCountry "CHN"]
[SourceTitle "playchess.com"]
[Source "ChessBase"]
[SourceQuality "1"]
[TimeControl "1500+10"]

1. d4 {[%emt 0:00:00]} Nf6 {[%emt 0:00:01]} 2. Bg5 {[%emt 0:00:03]} Ne4 {[%emt 0:00:18]} 3. Bf4 {[%emt 0:00:03]} d5 {[%emt 0:01:05]} 4. e3 {[%emt 0:00:02]} c5 {[%emt 0:00:56]} 5. Bd3 {[%emt 0:00:02]} Qb6 {[%emt 0:01:18]} 6. Bxe4 {[%emt 0:00:24]} Qxb2 {[%emt 0:06:12]} 7. Bxd5 {[%emt 0:00:02]} Qxa1 {[%emt 0:00:39]} 8. Nf3 {[%emt 0:00:03]} e6 {[%emt 0:01:51]} 9. Bb3 {[%emt 0:00:07]} Qb2 {[%emt 0:01:20]} 10. Ne5 {[%emt 0:00:55]} cxd4 {[%emt 0:04:09]} 11. Nd3 {[%emt 0:03:15]} Qa1 {[%emt 0:00:09]} 12. O-O {[%emt 0:00:05]} Nc6 {[%emt 0:00:43]} 13. c3 {[%emt 0:00:23]} dxc3 {[%emt 0:04:36]} 14. Qc2 {[%emt 0:00:02]} Nb4 {[%emt 0:00:35]} 15. Ba4+ {[%emt 0:01:16]} Kd8 {[%emt 0:02:36]} 16. Qd1 {[%emt 0:00:02]} c2 {[%emt 0:00:33]} 17. Bxc2 {[%emt 0:00:13]} Nxc2 {[%emt 0:00:32]} 18. Be5 {[%emt 0:00:46]} 1-0

[Event "Shanghai COITCT 2019"]
[Site "Shanghai"]
[Date "2019.09.18"]
[Round "9.4"]
[White "Lodhi, Mahmood"]
[Black "Nigmatov, Ortik"]
[Result "0-1"]
[WhiteElo "2349"]
[BlackElo "2482"]
[Annotator "TA"]
[PlyCount "98"]
[EventDate "2019.09.15"]
[EventType "team-tourn"]
[EventCountry "CHN"]
[SourceTitle "playchess.com"]
[Source "ChessBase"]
[SourceQuality "1"]

{[%evp 16,98,48,47,46,29,40,14,14,4,27,27,20,-26,-25,-1,0,-12,0,-25,-9,-25,13,-18,93,87,90,75,71,54,154,150,146,158,143,148,160,148,401,295,310,295,477,299,324,89,397,150,131,129,154,105,331,355,375,228,693,660,709,-892,-771,-999,-992,-924,-942,-1006,-933,-1356,-1346,-1270,-1252,-1116,-926,-1531,-1101,-1271,-1166,-6514,-6498,-6238,-6211,-5409,-2728,-5477,-5285]} 1. d4 Nf6 2. Nf3 g6 3. g3 Bg7 4. Bg2 O-O 5. O-O d6 6. c4 Nc6 7. Nc3 e5 8. d5 Nb8 9. e4 a5 {E62: King's Indian: Fianchetto: 6...c6 and Panno Variation (6...Nc6) without ...a6} 10. Ne1 Na6 11. Nd3 Nd7 {The position is equal.} 12. Be3 b6 13. a3 Nac5 {[#]} 14. b4 $146 ({Predecessor:} 14. Qc2 f5 15. f3 f4 16. Bf2 Nxd3 17. Qxd3 {0-1 (39) Tan,Z (2511)-Sethuraman,S (2630) Changsha 2019}) 14... axb4 15. Nxb4 Bb7 16. a4 f5 17. f3 Kh8 18. Qc2 h5 19. Nb5 h4 (19... f4 $11 {keeps the balance.} 20. Bf2 Kh7) 20. gxh4 $1 $16 f4 21. Bf2 $1 Bf6 {[#]} 22. h5 $1 {[%mdl 512]} Kg7 (22... gxh5 $14 23. Bh3 Rg8+ 24. Kh1 Nf8) 23. Bh3 $1 Rh8 {[#]} 24. Bg4 $1 Bg5 ({Of course not} 24... gxh5 25. Bf5 $16) 25. hxg6 Nf6 26. Bf5 {Black must now prevent a5!} Rh6 $2 {[%mdl 8192]} (26... Bh4 $16 27. Bxh4 Rxh4) 27. Nc6 Bxc6 28. dxc6 Na6 $2 (28... Qe7 29. Bxc5 dxc5) 29. Kg2 Qe7 30. Rh1 $2 (30. Qc3 $18 {is more deadly.}) 30... Rah8 $2 {[%mdl 8192]} (30... Bh4 $16) 31. Qc3 $2 (31. a5 $18 {and White stays clearly on top.} bxa5 32. Rxa5) 31... Bh4 32. Bg1 {a5 is the strong threat.} Rh5 33. a5 Rg5+ $2 (33... bxa5 $16 {might work better.} 34. Rxa5 (34. Qxa5 Nxe4 35. Bg4 Nf6 $14) 34... Nb8) 34. Kf1 $18 bxa5 35. Rxa5 Ra8 $2 (35... Nb8 36. Qd2 Rxf5) 36. Qa3 Rxf5 37. Rxa6 $4 {[%mdl 8192] [#]} (37. exf5 $18 Ng8 38. Rxa6 Rxa6 39. Qxa6) 37... Qe6 $1 $19 {[%cal Re6c4] Black is clearly winning.} 38. Qd3 Rg5 39. Rxa8 Qh3+ 40. Ke2 Qg2+ 41. Kd1 Qxh1 42. Kc2 Rxg1 43. Nc3 Bf2 44. Rc8 Bb6 45. c5 Ba5 {Strongly threatening ...Rc1+.} 46. cxd6 Rc1+ 47. Kb3 Rxc3+ 48. Qxc3 Bxc3 49. Rxc7+ Kxg6 {Accuracy: White = 33%, Black = 41%.} 0-1